Río / (Registro nro. 896)
[ vista simple ]
| 000 -LEADER | |
|---|---|
| fixed length control field | 00962nam a22002297a 4500 |
| 003 - CONTROL NUMBER IDENTIFIER | |
| control field | AR-RoUNCS |
| 005 - DATE AND TIME OF LATEST TRANSACTION | |
| control field | 20260209154935.0 |
| 008 - FIXED-LENGTH DATA ELEMENTS--GENERAL INFORMATION | |
| fixed length control field | 260209t2013 ag |||||r|||| 00| 1 spa d |
| 020 ## - INTERNATIONAL STANDARD BOOK NUMBER | |
| International Standard Book Number | 987-987-1950-02-7 |
| 040 ## - CATALOGING SOURCE | |
| Transcribing agency | AR-RoUNCS |
| Original cataloging agency | AR-RoUNCS |
| 080 ## - UNIVERSAL DECIMAL CLASSIFICATION NUMBER | |
| Authority record control number or standard number | 82-34(821) |
| 100 1# - MAIN ENTRY--PERSONAL NAME | |
| Personal name | Poliéster, Amanda |
| Relator term | autor |
| 245 10 - TITLE STATEMENT | |
| Title | Río / |
| Statement of responsibility, etc. | Amanda Poliéster. |
| 250 ## - EDITION STATEMENT | |
| Edition statement | 1a ed. |
| 260 ## - PUBLICATION, DISTRIBUTION, ETC. | |
| Place of publication, distribution, etc. | Rosario : |
| Name of publisher, distributor, etc. | El Ombú Bonsai, |
| Date of publication, distribution, etc. | 2013. |
| 300 ## - PHYSICAL DESCRIPTION | |
| Extent | 108 p. ; |
| Dimensions | 20 cm. |
| 490 0# - SERIES STATEMENT | |
| Series statement | Colección Raíces Aéreas |
| 520 3# - SUMMARY, ETC. | |
| Summary, etc. | La necesidad de hablar otra lengua, de obtener un trabajo y de procurarse el sitio donde vivir en una nueva ciudad y en un nuevo país, reubican al personaje protagonista en la búsqueda de sí mismo. (…) Teñida de un registro cargado de humor e ironía, Rio abre la discusión sobre si partir hacia otro lugar posibilita partir de uno mismo<br/><br/> |
| 650 #7 - SUBJECT ADDED ENTRY--TOPICAL TERM | |
| Topical term or geographic name entry element | Literatura argentina |
| Source of heading or term | embne |
| 655 #7 - INDEX TERM--GENRE/FORM | |
| Genre/form data or focus term | Novelas cortas |
| Source of term | embne |
| 942 ## - ADDED ENTRY ELEMENTS (KOHA) | |
| Source of classification or shelving scheme | Universal Decimal Classification |
| Koha item type | Obra General |
| Suppress in OPAC | No |
| Withdrawn status | Lost status | Source of classification or shelving scheme | Damaged status | Not for loan | Collection | Home library | Current library | Date acquired | Source of acquisition | Total checkouts | Full call number | Barcode | Date last seen | Price effective from | Koha item type |
|---|---|---|---|---|---|---|---|---|---|---|---|---|---|---|---|
| Universal Decimal Classification | Colección General | Biblioteca Escuela de Ciencias Sociales | Biblioteca Escuela de Ciencias Sociales | 09/02/2026 | Donación 2023 | 82-32(821) P767 | 000319 | 09/02/2026 | 09/02/2026 | Libro de préstamo a domicilio |